| 000 | 02083cam a22004814i 4500 | ||
|---|---|---|---|
| 003 | PE-LiUPU | ||
| 005 | 20250731165411.0 | ||
| 008 | 151022s2000 pe grm 000 0 spa d | ||
| 035 | _a(Sirsi) a155047 | ||
| 040 |
_aPE-LiUPU _bspa _cPE-LiUPU _erda |
||
| 099 |
_aTEF 2 _bR92 2000 |
||
| 100 | 1 |
_aRuelas Cayo, Sonia _eautor |
|
| 245 | 1 |
_aFactores personales y socio culturales que inciden en la preferencia femenina por la profesión de enfermería según los alumnos del 5to año de secundaria, USE Nro. 06 Chaclacayo- Lima. Diciembre de 1999 / _cSonia Ruelas Cayo. |
|
| 264 | 0 | _c2000. | |
| 300 |
_a141 hojas _c30 cm |
||
| 336 |
_atext _2rdacontent |
||
| 337 |
_aunmediated _2rdamedia |
||
| 338 |
_avolume _2rdacarrier |
||
| 502 |
_aTesis _b(Lic.) -- _cUniversidad Peruana Unión, _d2000. |
||
| 504 | _aIncluye referencias | ||
| 520 | 3 | _aEl presente de investigación tuvo por objetivo identificar los factores personales y socio culturales que inciden en la preferencia femenina por la carrera profesional de enfermería, según estudiantes del 5° año de secundaria de la USE N°6, Chaclacayo-Lima. Es un estudio de tipo descriptivo-transversal realizado en estudiantes del 5° año de secundaria. La población estuvo conformada por 859 alumnos de colegios nacionales y 122 de colegios particulares. La muestra fue de 243 alumnos hombres y mujeres. | |
| 526 | _aSEG44 | ||
| 526 | _aSEG26 | ||
| 526 | _aP151 | ||
| 526 | _aP150 | ||
| 526 | _aP149 | ||
| 526 | _aP146 | ||
| 526 | _aP145 | ||
| 526 | _aP126 | ||
| 526 | _aP125 | ||
| 526 | _aP92 | ||
| 526 | _aP75 | ||
| 526 | _aP74 | ||
| 526 | _aP27 | ||
| 526 | _aP15 | ||
| 650 | 0 | 4 |
_aEstudiantes de secundaria _xEnfermería como profesión. |
| 650 | 0 | 4 |
_aEstudiantes de secundaria _xIntereses profesionales. |
| 650 | 0 | 4 | _aEnfermería como profesión. |
| 700 | 1 |
_aVega Huamán, Germán _eautor |
|
| 596 | _a1 | ||
| 942 |
_2ddc _cTESIS |
||
| 999 |
_aTEF 2 R92 2000 _wALPHANUM _c7738 _iT00329 _lCCODEBUL3 _mBUL _r1 _sY _tTESIS _u2015-10-22 _xSALUD _PP22 _o.STAFF. Tesis _d7738 |
||
| 980 |
_81 _gALBERTO SANCHEZ Responsable de Automatización |
||